[Event "GER-ch Net blitz qual3"]
[Site "Playchess.com INT"]
[Date "2020.03.21"]
[Round "6"]
[White "Colbow, Collin"]
[Black "Hartung, Thomas"]
[Result "1/2-1/2"]
[WhiteElo "2222"]
[BlackElo "2044"]
[PlyCount "123"]
[EventDate "2020.03.21"]
[EventType "swiss (blitz)"]
[EventRounds "9"]
[EventCountry "GER"]
[SourceTitle "CBM 195 Extra"]
[Source "ChessBase"]
[SourceDate "2020.05.31"]
[SourceVersion "1"]
[SourceVersionDate "2020.05.31"]
[SourceQuality "1"]

1. e4 e6 2. d4 d5 3. Nd2 Nf6 4. e5 Nfd7 5. Bd3 c5 6. c3 Nc6 7. Ne2 f6 8. exf6 Nxf6 9. 0-0 cxd4 10. cxd4 Bd6 11. Nf3 0-0 12. Bf4 Bxf4 13. Nxf4 Ne4 14. Qc1 Qf6 15. g3 g6 16. Bxe4 dxe4 17. Nd2 Nxd4 18. Nxe4 Qe5 19. Nc3 Bd7 20. Qe3 Qxe3 21. fxe3 Nc2 22. Rad1 Nxe3 23. Rxd7 Nxf1 24. Nxe6 Rf6 25. Nf4 Ne3 26. Re7 Ng4 27. Rxb7 Rf7 28. Rb4 Rd8 29. h3 Ne3 30. Kf2 Nd1+ 31. Nxd1 Rxd1 32. Ke2 Rh1 33. Ne6 h6 34. Rb8+ Kh7 35. Nf8+ Kg7 36. Ne6+ Kf6 37. Nf4 g5 38. Nd5+ Ke5 39. Rb5 Rh2+ 40. Ke3 Kd6 41. Nc3 Rxh3 42. Kd4 Kc6 43. Rc5+ Kb7 44. Rb5+ Kc7 45. Ne4 Rd7+ 46. Ke5 Rh1 47. Rc5+ Kb8 48. Rb5+ Rb7 49. Rd5 Rxb2 50. Nc5 Re1+ 51. Kf6 Kc7 52. Ne6+ Rxe6+ 53. Kxe6 Rxa2 54. Rd7+ Kc6 55. Rh7 Rh2 56. Rxa7 Rh3 57. Rh7 Rxg3 58. Rxh6 g4 59. Rg6 Kc5 60. Kf5 Kd4 61. Rxg4+ Rxg4 62. Kxg4 1/2-1/2

[Event "GER-ch Net blitz qual3"]
[Site "Playchess.com INT"]
[Date "2020.03.21"]
[Round "1"]
[White "Zwahr, Paul"]
[Black "Hartung, Thomas"]
[Result "1-0"]
[WhiteElo "2278"]
[BlackElo "2044"]
[PlyCount "93"]
[EventDate "2020.03.21"]
[EventType "swiss (blitz)"]
[EventRounds "9"]
[EventCountry "GER"]
[SourceTitle "CBM 195 Extra"]
[Source "ChessBase"]
[SourceDate "2020.05.31"]
[SourceVersion "1"]
[SourceVersionDate "2020.05.31"]
[SourceQuality "1"]

1. e4 e6 2. d4 d5 3. Nc3 Nf6 4. e5 Nfd7 5. f4 c5 6. Nf3 Nc6 7. Be3 Qb6 8. Na4 Qa5+ 9. c3 cxd4 10. b4 Nxb4 11. cxb4 Bxb4+ 12. Bd2 Bxd2+ 13. Nxd2 b6 14. Nb2 Ba6 15. Bxa6 Qxa6 16. Qe2 Qa3 17. Nd3 0-0 18. 0-0 Nc5 19. Rf3 Rfc8 20. Nxc5 Qxc5 21. Qd3 Qc3 22. Nb3 Rc4 23. Rc1 Qb4 24. Rxc4 dxc4 25. Qxd4 Rc8 26. Rc3 g6 27. h3 a5 28. Nd2 b5 29. Kh2 Qa4 30. a3 Qd1 31. Qd7 Rf8 32. Ne4 Qxd7 33. Nf6+ Kg7 34. Nxd7 Rd8 35. Nc5 Rd4 36. Kg3 b4 37. axb4 axb4 38. Rc1 c3 39. Kf3 Rc4 40. Nb3 c2 41. Ke2 Rc3 42. Nd4 b3 43. Nxb3 Rxb3 44. Rxc2 Rb4 45. Kf3 Rb7 46. Kg4 Rc7 47. Rxc7 1-0

[Event "GER-ch Net blitz qual2"]
[Site "Playchess.com INT"]
[Date "2020.03.16"]
[Round "1"]
[White "Hartung, Thomas"]
[Black "Bernath, Markus"]
[Result "1-0"]
[WhiteElo "2044"]
[BlackElo "1542"]
[PlyCount "39"]
[EventDate "2020.03.16"]
[EventType "swiss (blitz)"]
[EventRounds "9"]
[EventCountry "GER"]
[SourceTitle "CBM 195 Extra"]
[Source "ChessBase"]
[SourceDate "2020.05.31"]
[SourceVersion "1"]
[SourceVersionDate "2020.05.31"]
[SourceQuality "1"]

1. e4 e5 2. Nf3 Nc6 3. d4 exd4 4. Nxd4 Nxd4 5. Qxd4 Nf6 6. Nc3 d6 7. Bc4 Be6 8. Bxe6 fxe6 9. 0-0 e5 10. Qd3 Be7 11. Qb5+ Nd7 12. Qxb7 Qb8 13. Qxb8+ Rxb8 14. Nd5 Rb7 15. b3 Bf6 16. Be3 0-0 17. f3 h6 18. Rfd1 Rb5 19. Nxc7 Nc5 20. Nxb5 1-0

[Event "Ruhrgebiet Verbandsklasse Gruppe 1 1819"]
[Site "Nordrheinwestfalen"]
[Date "2019.03.10"]
[Round "7.5"]
[White "Hartung, Thomas"]
[Black "Schaedlich, Andreas"]
[Result "1/2-1/2"]
[WhiteElo "1928"]
[BlackElo "1881"]
[PlyCount "38"]
[EventDate "2018.09.23"]
[EventType "team-tourn"]
[EventRounds "9"]
[EventCountry "GER"]
[SourceTitle "EXT 2022"]
[Source "ChessBase"]
[SourceDate "2021.10.06"]
[SourceVersion "1"]
[SourceVersionDate "2021.10.06"]
[SourceQuality "1"]
[WhiteTeam "Annen Sport Union"]
[BlackTeam "Bergeborbeck Wacker"]
[WhiteTeamCountry "GER"]
[BlackTeamCountry "GER"]

1. e4 c5 2. Nf3 Nc6 3. d4 cxd4 4. Nxd4 d6 5. c4 Nf6 6. Nc3 g6 7. Be2 Bg7 8. Be3 0-0 9. 0-0 Bd7 10. f4 a6 11. Rc1 Rc8 12. f5 Qb6 13. Nc2 Qxb2 14. Qd2 Ne8 15. f6 Bxf6 16. Rxf6 Nxf6 17. Rb1 Nxe4 18. Rxb2 Nxd2 19. Bxd2 Rb8 1/2-1/2

[Event "Ruhrgebiet Verbandsliga Gruppe 1 1718"]
[Site "Germany"]
[Date "2017.10.08"]
[Round "2.6"]
[White "Sauer, Bernd"]
[Black "Hartung, Thomas"]
[Result "1/2-1/2"]
[WhiteElo "1898"]
[BlackElo "1898"]
[PlyCount "125"]
[EventDate "2017.09.17"]
[EventType "team-tourn"]
[EventRounds "9"]
[EventCountry "GER"]
[SourceTitle "EXT 2022"]
[Source "ChessBase"]
[SourceDate "2021.10.06"]
[SourceVersion "1"]
[SourceVersionDate "2021.10.06"]
[SourceQuality "1"]
[WhiteTeam "Essen Katernberg III"]
[BlackTeam "Annen Sport Union"]
[WhiteTeamCountry "GER"]
[BlackTeamCountry "GER"]

1. d4 Nf6 2. c4 c5 3. d5 b5 4. cxb5 a6 5. bxa6 Bxa6 6. Nc3 g6 7. e4 Bxf1 8. Kxf1 d6 9. g3 Bg7 10. Kg2 0-0 11. h3 Nbd7 12. Nf3 Qa5 13. Re1 Rfb8 14. Re2 Qb4 15. Qc2 Nb6 16. Rb1 Nc4 17. Nd2 Nd7 18. Nxc4 Qxc4 19. Ra1 Nb6 20. Bg5 Rb7 21. Rc1 Bxc3 22. bxc3 Nxd5 23. exd5 Qxd5+ 24. Qe4 Qxe4+ 25. Rxe4 f6 26. Bd2 Rxa2 27. Be1 Kf7 28. Rd1 Rbb2 29. Re3 Kf8 30. Red3 Re2 31. Kf1 Re4 32. R3d2 Ra7 33. Rb2 h5 34. f3 Rea4 35. Rdb1 Kf7 36. Rb7 Rxb7 37. Rxb7 Ra2 38. Rb1 Ke6 39. Rd1 Kf7 40. Rd2 Ra1 41. Ke2 Ke6 42. Rd1 Ra2+ 43. Bd2 Kf7 44. Kd3 Ra4 45. h4 Ra2 46. Kc4 Ke6 47. Kb3 Ra8 48. c4 Ra7 49. Bc3 Ra8 50. Re1+ Kf7 51. Ra1 Rb8+ 52. Kc2 Rb7 53. Ra5 Ke6 54. Kd3 Rb1 55. Ra1 Rb7 56. Re1+ Kf7 57. Ra1 Ke6 58. g4 hxg4 59. fxg4 f5 60. g5 Kf7 61. Ra8 e5 62. Rh8 Rb1 63. Bd2 1/2-1/2

[Event "Dortmund Sparkassen op-A 45th"]
[Site "Dortmund"]
[Date "2017.07.20"]
[Round "6"]
[White "Kartsev, Soel"]
[Black "Hartung, Thomas"]
[Result "1-0"]
[WhiteElo "2220"]
[BlackElo "1979"]
[PlyCount "39"]
[EventDate "2017.07.15"]
[EventType "swiss"]
[EventRounds "9"]
[EventCountry "GER"]
[SourceTitle "CBM 179 Extra"]
[Source "ChessBase"]
[SourceDate "2017.08.23"]
[SourceVersion "1"]
[SourceVersionDate "2017.08.23"]
[SourceQuality "1"]

1. e4 e5 2. Nf3 Nc6 3. Bb5 a6 4. Ba4 Nf6 5. d3 b5 6. Bb3 Bc5 7. 0-0 0-0 8. c3 Ba7 9. Bg5 h6 10. Bh4 g5 11. Nxg5 hxg5 12. Bxg5 Kg7 13. Kh1 Bc5 14. f4 Be7 15. Bxf6+ Bxf6 16. Qg4+ Kh8 17. Rf3 Bg7 18. Rh3+ Kg8 19. Qh5 Re8 20. Qxf7# 1-0

[Event "Dortmund Sparkassen op-A 45th"]
[Site "Dortmund"]
[Date "2017.07.15"]
[Round "1"]
[White "Hartung, Thomas"]
[Black "Bomans, Arno"]
[Result "0-1"]
[WhiteElo "1979"]
[BlackElo "2250"]
[PlyCount "46"]
[EventDate "2017.07.15"]
[EventType "swiss"]
[EventRounds "9"]
[EventCountry "GER"]
[SourceTitle "CBM 179 Extra"]
[Source "ChessBase"]
[SourceDate "2017.08.23"]
[SourceVersion "1"]
[SourceVersionDate "2017.08.23"]
[SourceQuality "1"]

1. e4 c5 2. Nf3 Nc6 3. d4 cxd4 4. Nxd4 Qb6 5. Nb5 a6 6. Be3 Qd8 7. N5c3 e6 8. a3 Nf6 9. Bc4 b5 10. Ba2 Bb7 11. 0-0 Ne5 12. Qe2 Be7 13. f3 Qc7 14. g4 h6 15. Nd2 g5 16. Qf2 Ng6 17. Nb3 Rc8 18. Bb6 Qb8 19. Rad1 Nf4 20. Qe3 h5 21. Nc5 hxg4 22. fxg4 Nxg4 23. Qd4 Ne2+ 0-1

[Event "Unna op"]
[Site "Unna"]
[Date "2016.12.28"]
[Round "3"]
[White "Hartung, Thomas"]
[Black "Tkachuk, Konstantyn"]
[Result "1/2-1/2"]
[WhiteElo "1931"]
[BlackElo "2247"]
[PlyCount "111"]
[EventDate "2016.12.27"]
[EventType "swiss"]
[EventRounds "7"]
[EventCountry "GER"]
[SourceTitle "EXT 2018"]
[Source "ChessBase"]
[SourceDate "2017.10.13"]
[SourceVersion "1"]
[SourceVersionDate "2017.10.13"]
[SourceQuality "1"]

1. e4 e5 2. Nf3 Nc6 3. Bb5 a6 4. Ba4 Nf6 5. 0-0 Be7 6. Re1 b5 7. Bb3 0-0 8. c3 d6 9. h3 Na5 10. Bc2 c5 11. d4 Qc7 12. Nbd2 Re8 13. Nf1 Bf8 14. Ng3 g6 15. a4 Bb7 16. d5 c4 17. Nh2 Bg7 18. axb5 axb5 19. Ng4 Bc8 20. Nxf6+ Bxf6 21. f4 Bd7 22. f5 Nb7 23. Rxa8 Rxa8 24. Qf3 Qd8 25. Rf1 Kg7 26. h4 Qe7 27. h5 Rf8 28. h6+ Kg8 29. Nh1 Qd8 30. Qe3 Kh8 31. Ng3 Nc5 32. Qf3 Bg5 33. f6 Bxc1 34. Rxc1 Qb6 35. Kh2 Ra8 36. Rb1 Ra2 37. Qd1 Na4 38. Qc1 Qf2 39. Bxa4 Qxf6 40. Qf1 Qh4+ 41. Kg1 Kg8 42. Bc2 Qxg3 43. Qf6 Qe3+ 44. Kf1 Qf4+ 45. Qxf4 exf4 46. Kf2 Bg4 47. g3 fxg3+ 48. Kxg3 Bh5 49. e5 dxe5 50. d6 Kf8 51. Bd1 Ra6 52. Bxh5 gxh5 53. Rd1 Ke8 54. Rd5 f6 55. d7+ Kd8 56. Rxb5 1/2-1/2

[Event "Ruhrgebiet Verbandsklasse Gruppe 2 1617"]
[Site "Germany"]
[Date "2016.12.18"]
[Round "5.4"]
[White "Hartung, Thomas"]
[Black "Siebert, Martin"]
[Result "0-1"]
[WhiteElo "1931"]
[BlackElo "2031"]
[PlyCount "54"]
[EventDate "2016.09.04"]
[EventType "team-tourn"]
[EventRounds "9"]
[EventCountry "GER"]
[SourceTitle "EXT 2022"]
[Source "ChessBase"]
[SourceDate "2021.10.06"]
[SourceVersion "1"]
[SourceVersionDate "2021.10.06"]
[SourceQuality "1"]
[WhiteTeam "Annen Sport Union"]
[BlackTeam "Brackel SF II"]
[WhiteTeamCountry "GER"]
[BlackTeamCountry "GER"]

1. e4 e6 2. d4 d5 3. Nc3 Nf6 4. Bg5 dxe4 5. Nxe4 Be7 6. Bxf6 gxf6 7. Qd2 f5 8. Ng3 c5 9. 0-0-0 Qxd4 10. Bb5+ Bd7 11. Qe2 Qb4 12. Qe5 Rg8 13. Bxd7+ Nxd7 14. Qc7 Nf6 15. Nf3 Rd8 16. Ne5 Nd5 17. Rxd5 Rxd5 18. Nd3 Qb6 19. Qb8+ Rd8 20. Qe5 Qd6 21. Qe2 Kf8 22. f4 Rg4 23. Rf1 Bf6 24. Nh5 c4 25. Nf2 Rxg2 26. Nxf6 Qxf4+ 27. Kb1 Rxf2 0-1

[Event "Ruhrgebiet Verbandsklasse Gruppe 2 1617"]
[Site "Germany"]
[Date "2016.10.30"]
[Round "3.4"]
[White "Hartung, Thomas"]
[Black "Morgenroth, Hubertus"]
[Result "1-0"]
[WhiteElo "1944"]
[BlackElo "1726"]
[PlyCount "51"]
[EventDate "2016.09.04"]
[EventType "team-tourn"]
[EventRounds "9"]
[EventCountry "GER"]
[SourceTitle "EXT 2022"]
[Source "ChessBase"]
[SourceDate "2021.10.06"]
[SourceVersion "1"]
[SourceVersionDate "2021.10.06"]
[SourceQuality "1"]
[WhiteTeam "Annen Sport Union"]
[BlackTeam "Schueren"]
[WhiteTeamCountry "GER"]
[BlackTeamCountry "GER"]

1. e4 e5 2. Nf3 Nc6 3. Bb5 a6 4. Ba4 Nf6 5. 0-0 Bc5 6. c3 b5 7. Bc2 d6 8. d4 exd4 9. cxd4 Ba7 10. h3 Bb7 11. Bg5 Nb4 12. Nc3 0-0 13. Bb1 Re8 14. a3 Nc6 15. Nd5 Nb8 16. Bxf6 gxf6 17. Nh4 Bxd5 18. Qg4+ Kh8 19. exd5 Rg8 20. Qh5 Rg7 21. Nf5 Rg6 22. Re1 Nd7 23. Nh6 Kg7 24. Re7 Rxh6 25. Qxf7+ Kh8 26. Qg7# 1-0

[Event "Ruhrgebiet Verbandsklasse 1516 Abstieg"]
[Site "Germany"]
[Date "2016.07.03"]
[Round "3.1"]
[White "Adiyaman, Rene"]
[Black "Hartung, Thomas"]
[Result "1-0"]
[WhiteElo "2060"]
[BlackElo "1948"]
[PlyCount "83"]
[EventDate "2016.06.19"]
[EventType "team-tourn"]
[EventRounds "3"]
[EventCountry "GER"]
[SourceTitle "EXT 2022"]
[Source "ChessBase"]
[SourceDate "2021.10.06"]
[SourceVersion "1"]
[SourceVersionDate "2021.10.06"]
[SourceQuality "1"]
[WhiteTeam "Welper SV II"]
[BlackTeam "Annen Sport Union"]
[WhiteTeamCountry "GER"]
[BlackTeamCountry "GER"]

1. e4 e5 2. Nf3 Nc6 3. Bc4 Nf6 4. d3 Bc5 5. c3 d6 6. h3 a6 7. Bb3 h6 8. Nbd2 0-0 9. 0-0 Be6 10. Bc2 Ba7 11. Re1 Qd7 12. Nf1 Rad8 13. Be3 Bxe3 14. Rxe3 Ne7 15. Ng3 Qb5 16. b4 d5 17. a4 Qb6 18. a5 Qd6 19. d4 dxe4 20. Nxe4 Nxe4 21. Rxe4 Qc6 22. Ra3 exd4 23. Nxd4 Qd5 24. Qe1 Qg5 25. Nxe6 fxe6 26. Rxe6 Rd2 27. Bb3 Kh8 28. Rxe7 Rdxf2 29. Qxf2 Rxf2 30. Re8+ Kh7 31. Bg8+ Kg6 32. Kxf2 Qd2+ 33. Kf3 Qd1+ 34. Kf4 Qc1+ 35. Re3 Qxa3 36. Ke5 h5 37. Rg3+ Kh6 38. Kf5 g5 39. Rxg5 h4 40. Rg6+ Kh5 41. Bf7 Qc1 42. Rxa6# 1-0

[Event "Herne op 5th"]
[Site "Herne"]
[Date "2016.05.28"]
[Round "5"]
[White "Hartung, Thomas"]
[Black "Wuebker, Paul Luca"]
[Result "1-0"]
[WhiteElo "2032"]
[BlackElo "1714"]
[PlyCount "69"]
[EventDate "2016.05.25"]
[EventType "swiss"]
[EventRounds "7"]
[EventCountry "GER"]
[SourceTitle "CBM 172 Extra"]
[Source "ChessBase"]
[SourceDate "2016.06.21"]
[SourceVersion "1"]
[SourceVersionDate "2016.06.21"]
[SourceQuality "1"]

1. e4 c5 2. Nf3 d6 3. d4 cxd4 4. Nxd4 Nf6 5. Nc3 g6 6. Be3 Bg7 7. f3 Nc6 8. Qd2 0-0 9. Bc4 Rb8 10. 0-0-0 Bd7 11. h4 b5 12. Bb3 Na5 13. h5 Nc4 14. Bxc4 bxc4 15. hxg6 fxg6 16. Nd5 Nxd5 17. exd5 Qb6 18. c3 Qa6 19. a3 Bf5 20. Nxf5 Rxf5 21. Bh6 Bh8 22. f4 Rb3 23. Rh3 Rh5 24. Qe2 Bxc3 25. Qe6+ Kh8 26. bxc3 Qxa3+ 27. Kd2 Rb2+ 28. Ke1 Qxc3+ 29. Kf1 Rxh6 30. Qf7 Qg7 31. Qe8+ Qg8 32. Qxg8+ Kxg8 33. Rxh6 c3 34. Rc1 c2 35. Ke1 1-0

[Event "Unna op"]
[Site "Unna"]
[Date "2015.12.30"]
[Round "7"]
[White "Hartung, Thomas"]
[Black "Stricker, Florian"]
[Result "1/2-1/2"]
[WhiteElo "2005"]
[BlackElo "1970"]
[PlyCount "41"]
[EventDate "2015.12.27"]
[EventType "swiss"]
[EventRounds "7"]
[EventCountry "GER"]
[SourceTitle "EXT 2018"]
[Source "ChessBase"]
[SourceDate "2017.10.13"]
[SourceVersion "1"]
[SourceVersionDate "2017.10.13"]
[SourceQuality "1"]

1. e4 e6 2. d4 d5 3. Nc3 Nf6 4. Bg5 Be7 5. e5 Nfd7 6. h4 Bxg5 7. hxg5 Qxg5 8. Nh3 Qe7 9. Qg4 g6 10. Qf4 a6 11. Ng5 c5 12. Nxh7 Kd8 13. dxc5 Nf8 14. 0-0-0 Rxh7 15. Rxh7 Nxh7 16. Ne4 Kc7 17. Nf6 Nf8 18. Rxd5 Nc6 19. Ng8 Qe8 20. Nf6 Qe7 21. Ng8 1/2-1/2

[Event "Unna op"]
[Site "Unna"]
[Date "2015.12.29"]
[Round "6"]
[White "Georg, Heinz"]
[Black "Hartung, Thomas"]
[Result "1/2-1/2"]
[WhiteElo "2163"]
[BlackElo "2005"]
[PlyCount "38"]
[EventDate "2015.12.27"]
[EventType "swiss"]
[EventRounds "7"]
[EventCountry "GER"]
[SourceTitle "EXT 2018"]
[Source "ChessBase"]
[SourceDate "2017.10.13"]
[SourceVersion "1"]
[SourceVersionDate "2017.10.13"]
[SourceQuality "1"]

1. e4 e5 2. f4 d5 3. exd5 e4 4. Bc4 Nf6 5. Nc3 c6 6. d3 Bb4 7. Nge2 0-0 8. dxc6 Nxc6 9. Be3 Ng4 10. Qd2 exd3 11. cxd3 Re8 12. Bg1 Bf5 13. h3 Qh4+ 14. Kf1 Rad8 15. hxg4 Qxh1 16. Ng3 Bxd3+ 17. Bxd3 Qh4 18. Bf2 Qxg4 19. Rd1 h5 1/2-1/2

[Event "Ruhrgebiet Verbandsklasse Gruppe 3 1516"]
[Site "Germany"]
[Date "2015.11.08"]
[Round "3.3"]
[White "Hartung, Thomas"]
[Black "Hater, Norbert"]
[Result "1/2-1/2"]
[WhiteElo "1993"]
[BlackElo "1902"]
[PlyCount "56"]
[EventDate "2015.09.06"]
[EventType "team-tourn"]
[EventRounds "9"]
[EventCountry "GER"]
[SourceTitle "EXT 2022"]
[Source "ChessBase"]
[SourceDate "2021.10.06"]
[SourceVersion "1"]
[SourceVersionDate "2021.10.06"]
[SourceQuality "1"]
[WhiteTeam "Annen Sport Union"]
[BlackTeam "Hervest Dorsten"]
[WhiteTeamCountry "GER"]
[BlackTeamCountry "GER"]

1. e4 d5 2. exd5 Qxd5 3. Nc3 Qd6 4. d4 Nf6 5. Nf3 Bf5 6. Bc4 e6 7. 0-0 Be7 8. Nb5 Qd8 9. Bf4 Na6 10. Nc3 Nb4 11. Rc1 0-0 12. Qe2 c6 13. a3 Nbd5 14. Nxd5 Nxd5 15. Bg3 Bg4 16. Bd3 Bg5 17. Rcd1 Bf4 18. Bxf4 Nxf4 19. Bxh7+ Kxh7 20. Qe4+ Bf5 21. Qxf4 Bxc2 22. Rd2 Bg6 23. Ne5 Qf6 24. Qxf6 gxf6 25. Nd7 Rfd8 26. Nxf6+ Kg7 27. Ng4 Rd6 28. Ne5 Rad8 1/2-1/2

[Event "Ruhrgebiet Verbandsklasse Gruppe 3 1516"]
[Site "Germany"]
[Date "2015.09.27"]
[Round "2.2"]
[White "Hartung, Thomas"]
[Black "Grodotzki, Thomas"]
[Result "1/2-1/2"]
[WhiteElo "1993"]
[BlackElo "1918"]
[PlyCount "82"]
[EventDate "2015.09.06"]
[EventType "team-tourn"]
[EventRounds "9"]
[EventCountry "GER"]
[SourceTitle "EXT 2022"]
[Source "ChessBase"]
[SourceDate "2021.10.06"]
[SourceVersion "1"]
[SourceVersionDate "2021.10.06"]
[SourceQuality "1"]
[WhiteTeam "Annen Sport Union"]
[BlackTeam "Bergeborbeck Wacker"]
[WhiteTeamCountry "GER"]
[BlackTeamCountry "GER"]

1. e4 d5 2. exd5 Nf6 3. d4 Nxd5 4. c4 Nb6 5. Nf3 Bg4 6. Be2 e6 7. Nc3 c6 8. b3 Be7 9. 0-0 0-0 10. Bb2 Qc7 11. h3 Bf5 12. g4 Bg6 13. Ne5 N8d7 14. Nxg6 hxg6 15. Qd2 Rfd8 16. Qe3 Nf8 17. f4 g5 18. fxg5 Bxg5 19. Qf2 Rxd4 20. Nb5 Rxg4+ 21. hxg4 cxb5 22. Rad1 bxc4 23. bxc4 Ng6 24. Rd4 Na4 25. Ba3 Bf6 26. Rd2 Qa5 27. Bf3 Rc8 28. Bxb7 Rxc4 29. Bf3 Ne5 30. Qg2 Nb6 31. Bd6 Nxf3+ 32. Rxf3 Rxg4 33. Qxg4 Qxd2 34. Rxf6 Qxd6 35. Rf2 Qc5 36. Qh4 f6 37. Qe4 Kf7 38. Qb7+ Qe7 39. Qf3 Nd5 40. Qh5+ Kg8 41. Rc2 Nb6 1/2-1/2

[Event "Goch op 26th"]
[Site "Goch"]
[Date "2015.09.06"]
[Round "7"]
[White "Hartung, Thomas"]
[Black "Bomans, Arno"]
[Result "0-1"]
[WhiteElo "2024"]
[BlackElo "2270"]
[PlyCount "62"]
[EventDate "2015.09.03"]
[EventType "swiss"]
[EventRounds "7"]
[EventCountry "GER"]
[SourceTitle "EXT 2018"]
[Source "ChessBase"]
[SourceDate "2017.10.13"]
[SourceVersion "1"]
[SourceVersionDate "2017.10.13"]
[SourceQuality "1"]

1. e4 d6 2. d4 Nf6 3. Nc3 e5 4. Nf3 Nbd7 5. Bg5 c6 6. Qd2 Be7 7. 0-0-0 0-0 8. h3 b5 9. Bd3 Qa5 10. Kb1 b4 11. Ne2 c5 12. dxe5 dxe5 13. Bxf6 Bxf6 14. g4 Nb6 15. g5 Be6 16. b3 Be7 17. c4 bxc3 18. Qxc3 Qa3 19. Qc1 c4 20. Qxa3 Bxa3 21. Bc2 f6 22. Nc3 Rad8 23. Rdg1 Kh8 24. h4 cxb3 25. axb3 fxg5 26. Nxg5 Bg8 27. Nh3 Bb4 28. Rg3 Rc8 29. Kb2 Rc6 30. Rc1 Bxc3+ 31. Rxc3 Rxc3 0-1

[Event "Goch op 26th"]
[Site "Goch"]
[Date "2015.09.05"]
[Round "5"]
[White "Hartung, Thomas"]
[Black "Kummerow, Heiko"]
[Result "0-1"]
[WhiteElo "2024"]
[BlackElo "2264"]
[PlyCount "64"]
[EventDate "2015.09.03"]
[EventType "swiss"]
[EventRounds "7"]
[EventCountry "GER"]
[SourceTitle "EXT 2018"]
[Source "ChessBase"]
[SourceDate "2017.10.13"]
[SourceVersion "1"]
[SourceVersionDate "2017.10.13"]
[SourceQuality "1"]

1. e4 e6 2. d4 d5 3. Nc3 Bb4 4. e5 c5 5. a3 Bxc3+ 6. bxc3 Ne7 7. Qg4 cxd4 8. Qxg7 Rg8 9. Qxh7 Qc7 10. Kd1 Nd7 11. Nf3 Nf8 12. Qd3 dxc3 13. h4 Bd7 14. Rb1 0-0-0 15. h5 d4 16. Ng5 Nc6 17. f4 Rxg5 18. fxg5 Nxe5 19. Qg3 d3 20. Bxd3 Ba4 21. Bf4 Qc4 22. Ke2 Nxd3 23. cxd3 Qa2+ 24. Ke3 Qd2+ 25. Ke4 Qe2+ 26. Qe3 Qxg2+ 27. Ke5 Nd7+ 28. Kd6 Nb6+ 29. Ke5 f6+ 30. Kxe6 Qd5+ 31. Kxf6 Rf8+ 32. Ke7 Rf7# 0-1

[Event "Goch op 26th"]
[Site "Goch"]
[Date "2015.09.04"]
[Round "2"]
[White "Pauly, Carlo"]
[Black "Hartung, Thomas"]
[Result "1-0"]
[WhiteElo "2282"]
[BlackElo "2024"]
[PlyCount "91"]
[EventDate "2015.09.03"]
[EventType "swiss"]
[EventRounds "7"]
[EventCountry "GER"]
[SourceTitle "EXT 2018"]
[Source "ChessBase"]
[SourceDate "2017.10.13"]
[SourceVersion "1"]
[SourceVersionDate "2017.10.13"]
[SourceQuality "1"]

1. d4 Nf6 2. c4 c5 3. d5 b5 4. cxb5 a6 5. bxa6 Bxa6 6. Nc3 g6 7. f4 Bg7 8. Nf3 d6 9. e4 Bxf1 10. Rxf1 0-0 11. Kf2 Qb6 12. Kg1 Nbd7 13. Kh1 Rfb8 14. Rb1 Ng4 15. e5 dxe5 16. h3 Nh6 17. fxe5 Nf5 18. Bf4 Qb4 19. Qd2 Rb7 20. Rfe1 Nd4 21. Ng5 f5 22. exf6 Nxf6 23. Qe3 h6 24. Nge4 Nh5 25. Rf1 Nf5 26. Qf3 Rf8 27. Qg4 Bxc3 28. bxc3 Qxb1 29. Qxg6+ Nfg7 30. Rxb1 Rxb1+ 31. Kh2 Rxf4 32. Nf6+ Rxf6 33. Qxb1 Nf4 34. a4 Nxd5 35. Qb7 e6 36. a5 Ne8 37. a6 Rf7 38. Qc8 Ndc7 39. a7 Kg7 40. a8Q Nxa8 41. Qxe8 Nc7 42. Qc6 Kf6 43. Qxc5 e5 44. Qf2+ Ke6 45. Qb6+ Kf5 46. Qxh6 1-0